| 000 | 00349nam a2200145Ia 4500 | ||
|---|---|---|---|
| 008 | 150201s2011 xx 000 0 und d | ||
| 082 |
_a617.632 _bC2011N |
||
| 100 | _aNEWMAN | ||
| 245 | _aCARRANZAS CLINICAL PERIODONTOLOGY | ||
| 250 | _a11TH | ||
| 260 |
_bELSEVIER _aDELHI _c2011 |
||
| 300 | _a1-824 | ||
| 650 | _aPERIODONTICS | ||
| 942 |
_2ddc _cBK _014 |
||
| 999 |
_c4696 _d4696 |
||